Model Course 1.19: Proficiency in Personal survival techniques (Record no. 121)

000 -LEADER
fixed length control field 00549nam a2200169Ia 4500
008 - FIXED-LENGTH DATA ELEMENTS--GENERAL INFORMATION
fixed length control field 200103s9999||||xx |||||||||||||| ||und||
020 ## - INTERNATIONAL STANDARD BOOK NUMBER
International Standard Book Number 9280161199
040 ## - CATALOGING SOURCE
Original cataloging agency IMU-KC
082 ## - DEWEY DECIMAL CLASSIFICATION NUMBER
Classification number 623.888
Item number I339
110 ## - MAIN ENTRY--CORPORATE NAME
9 (RLIN) 76
Corporate name or jurisdiction name as entry element International Maritime Organization
245 #0 - TITLE STATEMENT
Title Model Course 1.19: Proficiency in Personal survival techniques
260 ## - PUBLICATION, DISTRIBUTION, ETC. (IMPRINT)
Name of publisher, distributor, etc International Maritime Organization
Date of publication, distribution, etc 2000
Place of publication, distribution, etc London
300 ## - PHYSICAL DESCRIPTION
Extent v, 46
490 0# - SERIES STATEMENT
Series statement Model Course 1.19
650 #0 - SUBJECT ADDED ENTRY--TOPICAL TERM
Topical term or geographic name as entry element Ships--Cargo--Safety regulations
942 ## - ADDED ENTRY ELEMENTS (KOHA)
Item type Books
Holdings
Withdrawn status Lost status Source of classification or shelving scheme Damaged status Not for loan Permanent location Current location Date acquired Source of acquisition Cost, normal purchase price Full call number Barcode Date last seen Cost, replacement price Koha item type
          IMU Kolkata IMU Kolkata 2018-04-19 Apex Book Services 1449.35 623.888 I339 12893 2019-09-09 1449.35 Books
          IMU Kolkata IMU Kolkata 2018-04-19 Apex Book Services 1449.35 623.888 I339 12894 2019-09-09 1449.35 Books
          IMU Kolkata IMU Kolkata 2002-09-10 Sterling Book House   623.888 I339 09410 2020-02-11 1852.64 Books
          IMU Kolkata IMU Kolkata 2002-09-10 Sterling Book House   623.888 I339 09283 2020-02-11 1449.35 Books
Designed and Maintained by IMU-KC Library, Kolkata Campus © Copyright All Rights Reserved

webs counters

Powered by Koha